<?xml version="1.0" encoding="UTF-8"?>
<record
    xmlns:xsi="http://www.w3.org/2001/XMLSchema-instance"
    xsi:schemaLocation="http://www.loc.gov/MARC21/slim http://www.loc.gov/standards/marcxml/schema/MARC21slim.xsd"
    xmlns="http://www.loc.gov/MARC21/slim">

  <leader>00688nab a2200193uuc4500</leader>
  <controlfield tag="001">1052115</controlfield>
  <controlfield tag="005">20240202082835.0</controlfield>
  <controlfield tag="008">071016s2006                        spa  </controlfield>
  <datafield tag="035" ind1=" " ind2=" ">
    <subfield code="a">1052115</subfield>
  </datafield>
  <datafield tag="035" ind1=" " ind2=" ">
    <subfield code="a">(OCoLC)820274762</subfield>
  </datafield>
  <datafield tag="040" ind1=" " ind2=" ">
    <subfield code="c">comduadb</subfield>
  </datafield>
  <datafield tag="041" ind1=" " ind2=" ">
    <subfield code="a">spa</subfield>
  </datafield>
  <datafield tag="100" ind1="1" ind2="0">
    <subfield code="a">Giraldez Davila, Alberto</subfield>
    <subfield code="4">aut</subfield>
    <subfield code="e">aut</subfield>
    <subfield code="9">587589</subfield>
  </datafield>
  <datafield tag="245" ind1="1" ind2="0">
    <subfield code="a">Derechos de los animales vs. Investigacion biologica. Planteamiento conceptual</subfield>
  </datafield>
  <datafield tag="650" ind1=" " ind2="7">
    <subfield code="a">Derechos de los animales</subfield>
    <subfield code="2">lemb</subfield>
    <subfield code="9">32627</subfield>
  </datafield>
  <datafield tag="650" ind1=" " ind2=" ">
    <subfield code="a">Investigaci&#xF3;n biol&#xF3;gica</subfield>
    <subfield code="9">12554</subfield>
  </datafield>
  <datafield tag="773" ind1="0" ind2=" ">
    <subfield code="t">Anales de la Real Academia Nacional de Farmacia (Madrid)</subfield>
    <subfield code="g">Vol. 072, No. 01, Ene.-Mar. 2006, p. 75-82</subfield>
    <subfield code="w">8675</subfield>
    <subfield code="x">1697-4271</subfield>
    <subfield code="0">3423</subfield>
  </datafield>
  <datafield tag="942" ind1=" " ind2=" ">
    <subfield code="c">ARIMP</subfield>
  </datafield>
  <datafield tag="999" ind1=" " ind2=" ">
    <subfield code="c">431626</subfield>
    <subfield code="d">431626</subfield>
  </datafield>
</record>
